Elektromos autók hatása az elektromos hálózatokra, és a smart charging koncepció alkalmazásai

Bibliographic Details
Main Author: Kóczán Roland
Other Authors: Bendes László
Format: Thesis
Kulcsszavak:járműipar,
gazdaság
Elektromos autók
Autó
e-mobilitás
Online Access:http://dolgozattar.uni-bge.hu/19638

MARC

LEADER 00000nta a2200000 i 4500
001 dolg19638
005 20181215114648.0
008 181215suuuu hu om 000 hun d
040 |a BGE Dolgozattár Repozitórium  |b hun 
041 |a hu 
100 1 |a Kóczán Roland 
245 1 0 |a Elektromos autók hatása az elektromos hálózatokra, és a smart charging koncepció alkalmazásai  |c Kóczán Roland  |h [elektronikus dokumentum] 
695 |a járműipar, 
695 |a gazdaság 
695 |a Elektromos autók 
695 |a Autó 
695 |a e-mobilitás 
700 1 |a Bendes László  |e ths 
856 4 0 |u http://dolgozattar.uni-bge.hu/19638/1/Koczan_Roland_Szakdolg.pdf  |z Dokumentum-elérés